000 00642nam a2200229Ia 4500
003 OSt
005 20220926014055.0
006 a|||||r|||| 00| 0
007 ta
008 220923b |||||||| |||| 00| 0 eng d
037 _cGeneral Book
040 _aRTL
_cRTL
_beng
041 _2eng
_aeng
082 _aX9:8.42.N7, M0
100 _aSato Kazuo Ed.
_9279774
245 0 _aIndustry and business in Japan
260 _aNew York
_bM E Sharpe USA
_c1980
300 _axxvii,463p. Bib p. 456-63
_ccm.
650 _aManagement
_930681
942 _hX9:8.42.N7, M0
_cGB
_2CC
999 _c627693
_d627693